000 00593nam a2200217 i 4500
001 C2-0287652
003 PPAK
005 20180728020929.0
008 080224s1978 my a|||| ||||| | may d
040 _aPPAK
_beng
_cPPAK
_erda
082 0 4 _a899.233
_223
090 0 0 _a899.233
_bABD
_dKSS
100 0 _aAbdul Talib Mohd Hassan,
_eauthor
245 1 0 _aBayang-bayang unggu
264 1 _aKuala Lumpur :
_bUtusan ,
_c1978
300 _a158 pages :
_billustrations ;
_c18 cm
336 _2rdacontent
_atext
337 _2rdamedia
_aunmediated
338 _2rdacarrier
_avolume
942 _ddc
_cB
999 _c93342
_d93342